[Event "DEM U18 2024"]
[Site "Willingen GER"]
[Date "2024.05.21"]
[Round "4"]
[White "Hecht, Jonas Christian"]
[Black "Hommer, Jeremy"]
[Result "1-0"]
[Termination "normal"]
[Board "8"]
[BlackTitle "FM"]
[WhiteElo "2101"]
[BlackElo "2264"]
[WhiteClock "00:25:10"]
[BlackClock "00:11:22"]
[PlyCount "73"]
[WhiteFideId "16214846"]
[BlackFideId "12992577"]
[EventCountry "GER"]
[EventRounds "9"]
[EventType "swiss"]
[EventDate "2024.05.18"]

1. e4 {[%clk 01:30:54]} {[%emt 00:00:03]} c6 {[%clk 01:30:56]} {[%emt
00:00:07]} 2. d4 {[%clk 01:31:21]} {[%emt 00:00:03]} d5 {[%clk 01:31:21]}
{[%emt 00:00:06]} 3. e5 {[%clk 01:31:48]} {[%emt 00:00:03]} Bf5 {[%clk
01:31:23]} {[%emt 00:00:27]} 4. Nf3 {[%clk 01:32:13]} {[%emt 00:00:06]} e6
{[%clk 01:30:50]} {[%emt 00:01:03]} 5. Be2 {[%clk 01:32:35]} {[%emt 00:00:07]}
c5 {[%clk 01:25:12]} {[%emt 00:06:08]} 6. Be3 {[%clk 01:32:51]} {[%emt
00:00:14]} Nd7 {[%clk 01:24:17]} {[%emt 00:01:26]} 7. Nbd2 {[%clk 01:32:09]}
{[%emt 00:01:12]} Ne7 {[%clk 01:17:22]} {[%emt 00:07:24]} 8. c4 {[%clk
01:32:22]} {[%emt 00:00:18]} Nc6 {[%clk 01:04:31]} {[%emt 00:13:20]} 9. cxd5
{[%clk 01:32:48]} {[%emt 00:00:05]} exd5 {[%clk 01:03:52]} {[%emt 00:01:09]}
10. O-O {[%clk 01:33:13]} {[%emt 00:00:04]} c4 {[%clk 00:51:55]} {[%emt
00:12:28]} 11. Ne1 {[%clk 01:32:27]} {[%emt 00:01:16]} h5 {[%clk 00:50:39]}
{[%emt 00:01:45]} 12. Nb1 {[%clk 01:29:44]} {[%emt 00:03:14]} Nb6 {[%clk
00:47:31]} {[%emt 00:03:37]} 13. f4 {[%clk 01:18:06]} {[%emt 00:12:08]} g6
{[%clk 00:47:24]} {[%emt 00:00:37]} 14. Nc3 {[%clk 01:13:11]} {[%emt 00:05:25]}
Qd7 {[%clk 00:45:49]} {[%emt 00:02:04]} 15. Nc2 {[%clk 00:55:26]} {[%emt
00:18:16]} Nb4 {[%clk 00:40:20]} {[%emt 00:05:59]} 16. Nxb4 {[%clk 00:48:33]}
{[%emt 00:07:23]} Bxb4 {[%clk 00:40:49]} {[%emt 00:00:02]} 17. Bd2 {[%clk
00:42:45]} {[%emt 00:06:18]} Be7 {[%clk 00:41:18]} {[%emt 00:00:01]} 18. Qe1
{[%clk 00:40:20]} {[%emt 00:02:55]} Bg4 {[%clk 00:38:10]} {[%emt 00:03:37]} 19.
a4 {[%clk 00:37:28]} {[%emt 00:03:22]} Rd8 {[%clk 00:34:11]} {[%emt 00:04:29]}
20. Bf3 {[%clk 00:35:45]} {[%emt 00:02:13]} Be6 {[%clk 00:32:59]} {[%emt
00:01:42]} 21. Bd1 {[%clk 00:32:47]} {[%emt 00:03:28]} Kf8 {[%clk 00:29:27]}
{[%emt 00:04:03]} 22. a5 {[%clk 00:32:04]} {[%emt 00:01:13]} Nc8 {[%clk
00:29:43]} {[%emt 00:00:13]} 23. Ba4 {[%clk 00:32:21]} {[%emt 00:00:14]} Qc7
{[%clk 00:30:03]} {[%emt 00:00:10]} 24. Nb5 {[%clk 00:32:44]} {[%emt 00:00:07]}
Qb8 {[%clk 00:30:26]} {[%emt 00:00:07]} 25. Bc2 {[%clk 00:33:02]} {[%emt
00:00:11]} a6 {[%clk 00:25:44]} {[%emt 00:05:13]} 26. Nc3 {[%clk 00:32:48]}
{[%emt 00:00:44]} Bf5 {[%clk 00:22:20]} {[%emt 00:03:53]} 27. Bxf5 {[%clk
00:31:54]} {[%emt 00:01:24]} gxf5 {[%clk 00:22:45]} {[%emt 00:00:05]} 28. Qb1
{[%clk 00:31:43]} {[%emt 00:00:41]} Qa7 {[%clk 00:14:45]} {[%emt 00:08:30]} 29.
Be3 {[%clk 00:30:59]} {[%emt 00:01:15]} Bb4 {[%clk 00:14:33]} {[%emt 00:00:41]}
30. Qxf5 {[%clk 00:30:56]} {[%emt 00:00:33]} Ne7 {[%clk 00:13:13]} {[%emt
00:01:50]} 31. Qf6 {[%clk 00:30:24]} {[%emt 00:01:02]} Rh7 {[%clk 00:13:34]}
{[%emt 00:00:09]} 32. f5 {[%clk 00:29:05]} {[%emt 00:01:50]} Rc8 {[%clk
00:13:22]} {[%emt 00:00:41]} 33. e6 {[%clk 00:27:08]} {[%emt 00:02:28]} Bxc3
{[%clk 00:12:57]} {[%emt 00:00:54]} 34. bxc3 {[%clk 00:26:49]} {[%emt
00:00:50]} Rc6 {[%clk 00:11:48]} {[%emt 00:01:38]} 35. Rae1 {[%clk 00:25:09]}
{[%emt 00:02:10]} b5 {[%clk 00:11:40]} {[%emt 00:00:38]} 36. Bh6+ {[%clk
00:25:20]} {[%emt 00:00:20]} Kg8 {[%clk 00:11:22]} {[%emt 00:00:47]} 37. Rf3
{[%clk 00:25:10]} {[%emt 00:00:41]} 1-0

[Event "DEM U18 2024"]
[Site "Willingen GER"]
[Date "2024.05.21"]
[Round "4"]
[White "Demchenko, Yaroslav"]
[Black "Duong, Quang Bach"]
[Result "0-1"]
[Termination "normal"]
[Board "9"]
[WhiteElo "1996"]
[BlackElo "2168"]
[WhiteClock "00:09:52"]
[BlackClock "00:44:08"]
[PlyCount "78"]
[WhiteFideId "14186667"]
[BlackFideId "16287045"]
[EventCountry "GER"]
[EventRounds "9"]
[EventType "swiss"]
[EventDate "2024.05.18"]

1. d4 {[%clk 01:30:58]} {[%emt 00:00:02]} d5 {[%clk 01:30:52]} {[%emt
00:00:09]} 2. Nf3 {[%clk 01:31:18]} {[%emt 00:00:08]} Nf6 {[%clk 01:31:19]}
{[%emt 00:00:04]} 3. Bf4 {[%clk 01:31:35]} {[%emt 00:00:13]} e6 {[%clk
01:31:16]} {[%emt 00:00:34]} 4. e3 {[%clk 01:31:52]} {[%emt 00:00:13]} c5
{[%clk 01:31:42]} {[%emt 00:00:04]} 5. c3 {[%clk 01:31:49]} {[%emt 00:00:32]}
Nc6 {[%clk 01:32:07]} {[%emt 00:00:05]} 6. Nbd2 {[%clk 01:32:08]} {[%emt
00:00:12]} Nh5 {[%clk 01:32:23]} {[%emt 00:00:13]} 7. Bg5 {[%clk 01:32:02]}
{[%emt 00:00:36]} f6 {[%clk 01:32:49]} {[%emt 00:00:05]} 8. Bh4 {[%clk
01:30:52]} {[%emt 00:01:40]} g6 {[%clk 01:33:15]} {[%emt 00:00:04]} 9. Be2
{[%clk 01:19:46]} {[%emt 00:11:35]} cxd4 {[%clk 01:33:41]} {[%emt 00:00:05]}
10. exd4 {[%clk 01:18:57]} {[%emt 00:01:19]} Bd6 {[%clk 01:32:01]} {[%emt
00:02:10]} 11. O-O {[%clk 01:11:12]} {[%emt 00:08:15]} Nf4 {[%clk 01:30:47]}
{[%emt 00:01:43]} 12. Re1 {[%clk 01:09:31]} {[%emt 00:02:11]} g5 {[%clk
01:25:27]} {[%emt 00:05:50]} 13. Bg3 {[%clk 01:09:35]} {[%emt 00:00:27]} h5
{[%clk 01:25:08]} {[%emt 00:00:48]} 14. Bxf4 {[%clk 01:07:58]} {[%emt
00:02:07]} Bxf4 {[%clk 01:25:27]} {[%emt 00:00:12]} 15. Qc2 {[%clk 00:55:56]}
{[%emt 00:12:31]} Kf7 {[%clk 01:25:47]} {[%emt 00:00:11]} 16. Nb3 {[%clk
00:42:40]} {[%emt 00:13:46]} b6 {[%clk 01:23:21]} {[%emt 00:02:56]} 17. c4
{[%clk 00:40:52]} {[%emt 00:02:18]} Bd7 {[%clk 01:19:54]} {[%emt 00:03:57]} 18.
cxd5 {[%clk 00:35:44]} {[%emt 00:05:37]} exd5 {[%clk 01:20:18]} {[%emt
00:00:07]} 19. a3 {[%clk 00:34:42]} {[%emt 00:01:31]} h4 {[%clk 01:16:03]}
{[%emt 00:04:46]} 20. Bd3 {[%clk 00:25:59]} {[%emt 00:09:12]} Ne7 {[%clk
01:14:26]} {[%emt 00:02:07]} 21. Nfd2 {[%clk 00:20:53]} {[%emt 00:05:36]} Qf8
{[%clk 01:07:15]} {[%emt 00:07:41]} 22. Nf1 {[%clk 00:19:50]} {[%emt 00:01:33]}
Qh6 {[%clk 01:04:34]} {[%emt 00:03:10]} 23. Ba6 {[%clk 00:19:29]} {[%emt
00:00:52]} Rae8 {[%clk 01:02:11]} {[%emt 00:02:53]} 24. a4 {[%clk 00:17:47]}
{[%emt 00:02:12]} g4 {[%clk 01:00:27]} {[%emt 00:02:14]} 25. g3 {[%clk
00:18:14]} {[%emt 00:00:04]} Bd6 {[%clk 01:00:17]} {[%emt 00:00:40]} 26. a5
{[%clk 00:17:26]} {[%emt 00:01:17]} f5 {[%clk 00:56:45]} {[%emt 00:04:02]} 27.
axb6 {[%clk 00:15:11]} {[%emt 00:02:46]} axb6 {[%clk 00:57:10]} {[%emt
00:00:04]} 28. Bb7 {[%clk 00:15:23]} {[%emt 00:00:19]} f4 {[%clk 00:56:07]}
{[%emt 00:01:32]} 29. Ra7 {[%clk 00:14:34]} {[%emt 00:01:19]} Rd8 {[%clk
00:48:55]} {[%emt 00:07:43]} 30. Bxd5+ {[%emt 00:02:00]} Nxd5 {[%clk 00:48:51]}
{[%emt 00:00:32]} 31. Qf5+ {[%clk 00:13:33]} {[%emt 00:00:03]} Nf6 {[%clk
00:48:45]} {[%emt 00:00:36]} 32. Qe6+ {[%clk 00:13:10]} {[%emt 00:00:52]} Kg6
{[%clk 00:48:47]} {[%emt 00:00:28]} 33. Qxd6 {[%clk 00:13:35]} {[%emt
00:00:06]} hxg3 {[%clk 00:46:20]} {[%emt 00:02:57]} 34. fxg3 {[%clk 00:13:47]}
{[%emt 00:00:18]} f3 {[%clk 00:45:47]} {[%emt 00:01:03]} 35. Nbd2 {[%clk
00:09:01]} {[%emt 00:05:16]} Qh3 {[%clk 00:45:38]} {[%emt 00:00:38]} 36. Kf2
{[%clk 00:08:45]} {[%emt 00:00:45]} Qg2+ {[%clk 00:44:11]} {[%emt 00:01:58]}
37. Ke3 {[%clk 00:09:12]} {[%emt 00:00:04]} Rhe8+ {[%clk 00:43:57]} {[%emt
00:00:43]} 38. Kf4 {[%clk 00:09:37]} {[%emt 00:00:05]} Rxe1 {[%clk 00:44:08]}
{[%emt 00:00:18]} 39. Nc4 {[%clk 00:09:52]} {[%emt 00:00:17]} Re4# {[%emt
00:00:08]} 0-1

[Event "DEM U18 2024"]
[Site "Willingen GER"]
[Date "2024.05.21"]
[Round "4"]
[White "Englert, Luca"]
[Black "Passin, Connor"]
[Result "1-0"]
[Termination "normal"]
[Board "10"]
[WhiteElo "2168"]
[BlackElo "1882"]
[WhiteClock "00:21:40"]
[BlackClock "00:08:44"]
[PlyCount "113"]
[WhiteFideId "16293088"]
[BlackFideId "16259459"]
[EventCountry "GER"]
[EventRounds "9"]
[EventType "swiss"]
[EventDate "2024.05.18"]

1. e4 {[%clk 01:30:58]} e5 {[%clk 01:30:52]} {[%emt 00:00:09]} 2. Nf3 {[%clk
01:31:22]} {[%emt 00:00:05]} Nc6 {[%clk 01:31:15]} {[%emt 00:00:08]} 3. Bb5
{[%clk 01:31:47]} {[%emt 00:00:05]} f5 {[%clk 01:31:30]} {[%emt 00:00:16]} 4.
d3 {[%clk 01:32:12]} {[%emt 00:00:04]} Nf6 {[%clk 01:27:39]} {[%emt 00:04:21]}
5. O-O {[%clk 01:32:27]} {[%emt 00:00:15]} fxe4 {[%clk 01:22:50]} {[%emt
00:05:19]} 6. dxe4 {[%clk 01:32:55]} {[%emt 00:00:02]} d6 {[%clk 01:19:28]}
{[%emt 00:03:51]} 7. Bc4 {[%clk 01:33:05]} {[%emt 00:00:21]} h6 {[%clk
01:17:39]} {[%emt 00:02:20]} 8. h3 {[%clk 01:31:24]} {[%emt 00:02:10]} Na5
{[%clk 01:15:21]} {[%emt 00:02:48]} 9. Bd3 {[%clk 01:21:11]} {[%emt 00:10:43]}
Be6 {[%clk 01:12:04]} {[%emt 00:03:47]} 10. Nh4 {[%clk 01:12:55]} {[%emt
00:08:45]} g5 {[%clk 01:04:13]} {[%emt 00:08:22]} 11. Ng6 {[%clk 01:09:26]}
{[%emt 00:03:58]} Rg8 {[%clk 01:00:44]} {[%emt 00:04:00]} 12. Nxf8 {[%clk
01:09:44]} {[%emt 00:00:12]} Rxf8 {[%clk 00:55:04]} {[%emt 00:06:10]} 13. Be2
{[%clk 01:03:15]} {[%emt 00:06:59]} Qd7 {[%clk 00:45:25]} {[%emt 00:10:09]} 14.
Nc3 {[%clk 00:52:09]} {[%emt 00:11:36]} O-O-O {[%clk 00:44:23]} {[%emt
00:01:31]} 15. Be3 {[%clk 00:49:53]} {[%emt 00:02:47]} Kb8 {[%clk 00:39:41]}
{[%emt 00:05:12]} 16. b4 {[%clk 00:44:54]} {[%emt 00:05:28]} Nc6 {[%clk
00:35:43]} {[%emt 00:04:29]} 17. Rb1 {[%clk 00:37:15]} {[%emt 00:08:09]} Ne7
{[%clk 00:32:23]} {[%emt 00:03:49]} 18. a4 {[%clk 00:35:04]} {[%emt 00:02:41]}
Ng6 {[%clk 00:31:29]} {[%emt 00:01:24]} 19. a5 {[%clk 00:33:48]} {[%emt
00:01:47]} Bxh3 {[%clk 00:28:10]} {[%emt 00:03:48]} 20. gxh3 {[%clk 00:31:19]}
{[%emt 00:03:00]} Qxh3 {[%clk 00:28:11]} {[%emt 00:00:29]} 21. Qd3 {[%clk
00:30:44]} {[%emt 00:01:05]} Qd7 {[%clk 00:17:47]} {[%emt 00:10:53]} 22. Rfd1
{[%clk 00:23:48]} {[%emt 00:07:26]} Nh4 {[%clk 00:12:23]} {[%emt 00:05:55]} 23.
Kf1 {[%clk 00:23:11]} {[%emt 00:01:07]} Ng4 {[%clk 00:11:23]} {[%emt 00:01:30]}
24. a6 {[%clk 00:15:51]} {[%emt 00:07:50]} Nh2+ {[%clk 00:06:38]} {[%emt
00:05:14]} 25. Ke1 {[%clk 00:16:11]} {[%emt 00:00:11]} N4f3+ {[%clk 00:05:24]}
{[%emt 00:01:43]} 26. Bxf3 {[%clk 00:16:35]} {[%emt 00:00:06]} Nxf3+ {[%clk
00:05:52]} {[%emt 00:00:03]} 27. Ke2 {[%clk 00:16:39]} {[%emt 00:00:26]} b6
{[%clk 00:05:09]} {[%emt 00:01:13]} 28. b5 {[%clk 00:15:44]} {[%emt 00:01:24]}
Kc8 {[%clk 00:03:08]} {[%emt 00:02:31]} 29. Qd5 {[%clk 00:14:46]} {[%emt
00:01:28]} Qg4 {[%clk 00:03:23]} {[%emt 00:00:15]} 30. Kd3 {[%clk 00:14:28]}
{[%emt 00:00:48]} Kd7 {[%clk 00:03:00]} {[%emt 00:00:54]} 31. Kc4 {[%clk
00:11:09]} {[%emt 00:03:48]} Qe6 {[%clk 00:02:48]} {[%emt 00:00:42]} 32. Qxe6+
{[%clk 00:11:01]} {[%emt 00:00:39]} Kxe6 {[%clk 00:03:17]} 33. Nd5 {[%clk
00:11:11]} {[%emt 00:00:19]} Rd7 {[%clk 00:03:13]} {[%emt 00:00:35]} 34. c3
{[%clk 00:10:51]} {[%emt 00:00:50]} Rc8 {[%clk 00:03:05]} {[%emt 00:00:38]} 35.
Nb4 {[%clk 00:11:14]} {[%emt 00:00:06]} h5 {[%clk 00:03:03]} {[%emt 00:00:33]}
36. Nc6 {[%clk 00:11:08]} {[%emt 00:00:35]} Ra8 {[%clk 00:03:21]} {[%emt
00:00:12]} 37. Kd3 {[%clk 00:10:53]} {[%emt 00:00:46]} h4 {[%clk 00:03:38]}
{[%emt 00:00:13]} 38. Ke2 {[%clk 00:02:04]} {[%emt 00:09:19]} Rf7 {[%clk
00:04:00]} {[%emt 00:00:07]} 39. c4 {[%clk 00:01:11]} {[%emt 00:01:24]} h3
{[%clk 00:02:56]} {[%emt 00:01:33]} 40. Rh1 {[%clk 00:00:57]} {[%emt 00:00:43]}
g4 {[%clk 00:02:29]} {[%emt 00:00:57]} 41. Rbd1 {[%clk 00:24:51]} {[%emt
00:06:36]} Rh7 {[%clk 00:29:14]} {[%emt 00:03:45]} 42. Rd3 {[%clk 00:23:10]}
{[%emt 00:02:12]} Kf6 {[%clk 00:25:28]} {[%emt 00:04:16]} 43. Bc1 {[%clk
00:22:16]} {[%emt 00:01:24]} Kg6 {[%clk 00:19:09]} {[%emt 00:06:50]} 44. Rxf3
{[%clk 00:22:17]} {[%emt 00:00:29]} gxf3+ {[%clk 00:19:30]} {[%emt 00:00:08]}
45. Kxf3 {[%clk 00:22:42]} {[%emt 00:00:05]} Rf8+ {[%clk 00:15:52]} {[%emt
00:04:09]} 46. Kg3 {[%clk 00:21:17]} {[%emt 00:01:54]} Rhf7 {[%clk 00:13:39]}
{[%emt 00:02:43]} 47. Be3 {[%clk 00:19:19]} {[%emt 00:02:29]} Rf3+ {[%clk
00:14:04]} {[%emt 00:00:05]} 48. Kg4 {[%clk 00:19:05]} {[%emt 00:00:43]} R8f4+
{[%clk 00:10:07]} {[%emt 00:04:28]} 49. Bxf4 {[%clk 00:19:24]} {[%emt
00:00:10]} Rxf4+ {[%clk 00:10:36]} {[%emt 00:00:01]} 50. Kg3 {[%clk 00:19:37]}
{[%emt 00:00:16]} Rxe4 {[%clk 00:10:00]} {[%emt 00:01:08]} 51. Nxa7 {[%clk
00:20:00]} {[%emt 00:00:07]} Rxc4 {[%clk 00:09:33]} {[%emt 00:00:57]} 52. Ra1
{[%clk 00:20:12]} {[%emt 00:00:17]} Rc3+ {[%clk 00:09:32]} {[%emt 00:00:32]}
53. Kh2 {[%clk 00:20:33]} {[%emt 00:00:08]} Kf5 {[%clk 00:08:48]} {[%emt
00:01:15]} 54. Nc6 {[%clk 00:20:44]} {[%emt 00:00:18]} Kg4 {[%clk 00:08:29]}
{[%emt 00:00:49]} 55. a7 {[%clk 00:21:06]} {[%emt 00:00:08]} Rc2 {[%clk
00:08:19]} {[%emt 00:00:40]} 56. a8=Q {[%clk 00:21:24]} {[%emt 00:00:11]} Rxf2+
{[%clk 00:08:44]} {[%emt 00:00:07]} 57. Kh1 {[%clk 00:21:40]} {[%emt 00:00:14]}
1-0

[Event "DEM U18 2024"]
[Site "Willingen GER"]
[Date "2024.05.21"]
[Round "4"]
[White "Hoffmann, Kay"]
[Black "Metzdorf, Matteo"]
[Result "1/2-1/2"]
[Termination "normal"]
[Board "11"]
[WhiteElo "2047"]
[BlackElo "2131"]
[WhiteClock "01:11:01"]
[BlackClock "00:57:39"]
[PlyCount "28"]
[WhiteFideId "16227000"]
[BlackFideId "16209869"]
[EventCountry "GER"]
[EventRounds "9"]
[EventType "swiss"]
[EventDate "2024.05.18"]

1. d4 {[%clk 01:30:59]} Nf6 {[%clk 01:30:50]} {[%emt 00:00:10]} 2. c4 {[%clk
01:31:24]} {[%emt 00:00:05]} e6 {[%clk 01:31:11]} {[%emt 00:00:09]} 3. Nf3
{[%clk 01:31:49]} {[%emt 00:00:05]} d5 {[%clk 01:31:25]} {[%emt 00:00:16]} 4.
g3 {[%clk 01:32:13]} {[%emt 00:00:06]} Be7 {[%clk 01:31:15]} {[%emt 00:00:40]}
5. Bg2 {[%clk 01:32:38]} {[%emt 00:00:06]} O-O {[%clk 01:31:12]} {[%emt
00:00:33]} 6. O-O {[%clk 01:33:01]} {[%emt 00:00:06]} dxc4 {[%clk 01:31:35]}
{[%emt 00:00:07]} 7. Qc2 {[%clk 01:33:28]} {[%emt 00:00:04]} a6 {[%clk
01:31:29]} {[%emt 00:00:36]} 8. a4 {[%clk 01:33:52]} {[%emt 00:00:05]} Bd7
{[%clk 01:29:51]} {[%emt 00:02:08]} 9. Qxc4 {[%clk 01:34:15]} {[%emt 00:00:07]}
Bc6 {[%clk 01:29:49]} {[%emt 00:00:32]} 10. Bg5 {[%clk 01:34:38]} {[%emt
00:00:08]} Bd5 {[%clk 01:21:21]} {[%emt 00:08:58]} 11. Qd3 {[%clk 01:30:28]}
{[%emt 00:04:39]} Be4 {[%clk 01:16:44]} {[%emt 00:05:07]} 12. Qc4 {[%clk
01:11:33]} {[%emt 00:19:25]} Bd5 {[%clk 01:07:17]} {[%emt 00:09:57]} 13. Qd3
{[%clk 01:10:40]} {[%emt 00:01:23]} Be4 {[%clk 00:57:39]} {[%emt 00:10:09]} 14.
Qc4 {[%clk 01:11:01]} {[%emt 00:00:09]} Bd5 1/2-1/2

[Event "DEM U18 2024"]
[Site "Willingen GER"]
[Date "2024.05.21"]
[Round "4"]
[White "Prieb, Robert"]
[Black "Scharf, Christian"]
[Result "1-0"]
[Termination "normal"]
[Board "12"]
[WhiteTitle "CM"]
[WhiteElo "2105"]
[BlackElo "1819"]
[WhiteClock "00:53:20"]
[BlackClock "00:06:15"]
[PlyCount "85"]
[WhiteFideId "16212002"]
[BlackFideId "16266110"]
[EventCountry "GER"]
[EventRounds "9"]
[EventType "swiss"]
[EventDate "2024.05.18"]

1. d4 {[%clk 01:30:57]} {[%emt 00:00:01]} Nf6 {[%clk 01:30:53]} {[%emt
00:00:07]} 2. c4 {[%clk 01:31:20]} {[%emt 00:00:08]} e6 {[%clk 01:31:17]}
{[%emt 00:00:06]} 3. Nf3 {[%clk 01:31:38]} {[%emt 00:00:11]} d5 {[%clk
01:31:40]} {[%emt 00:00:08]} 4. Nc3 {[%clk 01:31:58]} {[%emt 00:00:10]} c6
{[%clk 01:31:41]} {[%emt 00:00:29]} 5. e3 {[%clk 01:32:05]} {[%emt 00:00:23]}
Nbd7 {[%clk 01:31:56]} {[%emt 00:00:15]} 6. Qc2 {[%clk 01:32:18]} {[%emt
00:00:17]} Bd6 {[%clk 01:31:33]} {[%emt 00:00:52]} 7. g4 {[%clk 01:32:28]}
{[%emt 00:00:21]} h6 {[%clk 01:30:02]} {[%emt 00:02:00]} 8. Rg1 {[%clk
01:32:42]} {[%emt 00:00:16]} e5 {[%clk 01:25:04]} {[%emt 00:05:29]} 9. cxd5
{[%clk 01:32:14]} {[%emt 00:00:59]} cxd5 {[%clk 01:24:42]} {[%emt 00:00:51]}
10. Nb5 {[%clk 01:32:12]} {[%emt 00:00:31]} Bb8 {[%clk 01:22:05]} {[%emt
00:03:07]} 11. g5 {[%clk 01:32:22]} {[%emt 00:00:21]} hxg5 {[%clk 01:21:27]}
{[%emt 00:01:08]} 12. Nxg5 {[%clk 01:32:25]} {[%emt 00:00:26]} e4 {[%clk
01:18:39]} {[%emt 00:03:18]} 13. Bd2 {[%clk 01:32:28]} {[%emt 00:00:28]} Nb6
{[%clk 01:16:51]} {[%emt 00:02:17]} 14. Qc5 {[%clk 01:32:32]} {[%emt 00:00:27]}
Nfd7 {[%clk 01:15:54]} {[%emt 00:01:25]} 15. Nd6+ {[%clk 01:29:54]} {[%emt
00:03:09]} Bxd6 {[%clk 01:16:15]} {[%emt 00:00:10]} 16. Qxd6 {[%clk 01:30:16]}
{[%emt 00:00:07]} Qe7 {[%clk 01:15:50]} {[%emt 00:00:54]} 17. Qxe7+ {[%clk
01:28:36]} {[%emt 00:02:11]} Kxe7 {[%clk 01:16:14]} {[%emt 00:00:06]} 18. Bb4+
{[%clk 01:23:21]} {[%emt 00:05:46]} Ke8 {[%clk 00:51:30]} {[%emt 00:25:14]} 19.
a4 {[%clk 01:17:23]} {[%emt 00:06:28]} Nf8 {[%clk 00:46:25]} {[%emt 00:05:34]}
20. a5 {[%clk 01:12:54]} {[%emt 00:05:00]} Nbd7 {[%clk 00:46:47]} {[%emt
00:00:07]} 21. Bb5 {[%clk 01:08:33]} {[%emt 00:04:51]} Rxh2 {[%clk 00:31:06]}
{[%emt 00:16:11]} 22. a6 {[%clk 01:02:22]} {[%emt 00:06:41]} bxa6 {[%clk
00:30:19]} {[%emt 00:01:17]} 23. Bc6 {[%clk 01:02:03]} {[%emt 00:00:49]} Rb8
{[%clk 00:30:18]} {[%emt 00:00:31]} 24. Bd6 {[%clk 01:01:56]} {[%emt 00:00:37]}
Rh6 {[%clk 00:28:38]} {[%emt 00:02:10]} 25. Nxf7 {[%clk 00:58:05]} {[%emt
00:04:21]} Kxf7 {[%clk 00:28:19]} {[%emt 00:00:48]} 26. Bxd5+ {[%clk 00:58:26]}
{[%emt 00:00:10]} Kf6 {[%clk 00:26:27]} {[%emt 00:02:23]} 27. Bxb8 {[%clk
00:58:34]} {[%emt 00:00:23]} Nxb8 {[%clk 00:26:47]} {[%emt 00:00:09]} 28. Bxe4
{[%clk 00:57:21]} {[%emt 00:01:43]} Bf5 {[%clk 00:25:05]} {[%emt 00:02:12]} 29.
Bxf5 {[%clk 00:55:04]} {[%emt 00:02:46]} Kxf5 {[%clk 00:25:30]} {[%emt
00:00:05]} 30. Rc1 {[%clk 00:55:27]} {[%emt 00:00:08]} Ne6 {[%clk 00:18:10]}
{[%emt 00:07:50]} 31. Rc8 {[%clk 00:54:22]} {[%emt 00:01:34]} Nd7 {[%clk
00:18:34]} {[%emt 00:00:05]} 32. Ra8 {[%clk 00:54:02]} {[%emt 00:00:51]} Ng5
{[%clk 00:17:35]} {[%emt 00:01:29]} 33. Ke2 {[%clk 00:52:56]} {[%emt 00:01:36]}
Rb6 {[%clk 00:17:33]} {[%emt 00:00:33]} 34. Rxa7 {[%clk 00:51:36]} {[%emt
00:01:49]} Rxb2+ {[%clk 00:17:48]} {[%emt 00:00:15]} 35. Kd3 {[%clk 00:51:59]}
{[%emt 00:00:07]} Nb6 {[%clk 00:08:55]} {[%emt 00:09:24]} 36. Rxa6 {[%clk
00:51:38]} {[%emt 00:00:50]} Ne4 {[%clk 00:08:37]} {[%emt 00:00:47]} 37. Ra5+
{[%clk 00:52:01]} {[%emt 00:00:08]} Kf6 {[%clk 00:07:31]} {[%emt 00:01:36]} 38.
Kxe4 {[%clk 00:52:24]} {[%emt 00:00:07]} Rxf2 {[%clk 00:07:48]} {[%emt
00:00:12]} 39. Ra6 {[%clk 00:51:49]} {[%emt 00:01:06]} Rb2 {[%clk 00:08:11]}
{[%emt 00:00:07]} 40. Rc1 {[%clk 00:52:13]} {[%emt 00:00:06]} Kf7 {[%clk
00:06:15]} {[%emt 00:02:26]} 41. Rc6 {[%clk 00:52:34]} {[%emt 00:00:09]} Nd7
{[%clk 00:06:26]} {[%emt 00:00:20]} 42. Ra7 {[%clk 00:52:57]} {[%emt 00:00:07]}
Ke8 {[%clk 00:06:15]} {[%emt 00:00:40]} 43. Re6+ {[%clk 00:53:20]} {[%emt
00:00:07]} 1-0